000 01315cam a22003611a 4500
001 gs 63000168
003 DLC
005 20260227111412.0
008 730129s1962 ohuab b s000 0 eng c
010 _ags 63000168
035 _a(OCoLC)547011
040 _aU.S. Geol. Survey. Libr.
_cODaWU
_dOCoLC
_dO
_dDLC
042 _apremarc
043 _an-us-oh
050 0 0 _aQE151
_b.A18 no. 60
086 0 _aONR 84.3:60
_2ohdocs
100 1 _aWolfe, Edward W.
245 1 0 _aGeology of Fairfield County /
_cby Edward W. Wolfe, James L. Forsyth, George D. Dove.
260 _aColumbus :
_bOhio Division of Geological Survey,
_c1962.
300 _ax, 230 p. :
_bill., maps (some col.) ;
_c29 cm.
490 1 _aBulletin ;
_v60
500 _aMaps in pocket.
500 _aChapter on ground-water resources prepared in cooperation with the United States Geological Survey.
500 _aErrata slip inserted.
504 _aIncludes bibliographical references (p. 186-193).
650 0 _aGeology
_zOhio
_zFairfield County.
650 0 _aWater-supply
_zOhio
_zFairfield County.
650 0 _aGroundwater
_zOhio
_zFairfield County.
700 1 _aForsyth, James L.
700 1 _aDove, George D.
710 1 _aOhio.
_bDivision of Geological Survey.
830 0 _aBulletin (Ohio. Division of Geological Survey) ;
_v60.
999 _c29686
_d29686